Future directions in artificial intelligence : IFIP TC12 Founding Workshop collected papers
Αποθηκεύτηκε σε:
| Συγγραφή απο Οργανισμό/Αρχή: | |
|---|---|
| Άλλοι συγγραφείς: | , |
| Μορφή: | Βιβλίο |
| Γλώσσα: | English |
| Δημοσίευση: |
Amsterdam ; New York, N.Y., U.S.A. :
North-Holland : Elsevier Science Pub. Co. [distributor],
1991.
|
| Θέματα: | |
| Ετικέτες: |
Προσθήκη ετικέτας
Δεν υπάρχουν, Καταχωρήστε ετικέτα πρώτοι!
|
MARC
| LEADER | 00000cam a2200000 i 4500 | ||
|---|---|---|---|
| 001 | 1/34117 | ||
| 008 | 941103s1991####ne | ||| |||| ||eng|| | ||
| 020 | |a 0444890483 | ||
| 035 | |a 1993 |c ΔΑΡΖΕΝΤΑΣ |l 10039554 | ||
| 041 | 0 | |a eng | |
| 082 | 0 | |a 006.3 | |
| 245 | 0 | 0 | |a Future directions in artificial intelligence : |b IFIP TC12 Founding Workshop collected papers / |c edited by Peter A. Flach, Robert A. Meersman. |
| 260 | |a Amsterdam ; |a New York, N.Y., U.S.A. : |b North-Holland : |b Elsevier Science Pub. Co. [distributor], |c 1991. | ||
| 300 | |a 190 σ. : |c 23 εκ. | ||
| 504 | |a Περιέχει βιβλιογραφικές αναφορές και ευρετήριο. | ||
| 650 | 0 | 0 | |a Artificial intelligence. |
| 700 | 1 | |a Flach, Peter A. |e edt | |
| 700 | 1 | |a Meersman, R. |e edt | |
| 710 | 2 | |a IFIP TC 12. |b Founding Workshop. | |
| 852 | |a INST |b SAMOS |e 19941103 |h 006.3 FUT |p 005300005780 |q 005300005780 |t BK |y 0 | ||